| 000 | 01075nma a22002297a 4500 | ||
|---|---|---|---|
| 005 | 20210325203541.0 | ||
| 006 | g q || | ||
| 008 | s2552 th tha d | ||
| 041 | _atha | ||
| 090 | _aCD 1482/1 CD 1482/2 | ||
| 245 | 1 | 0 |
_aพูดอังกฤษ - จีนกลาง ในชีวิตประจำวัน 1 [CD-ROM] : _bEnglish Chinese for daily usage [CD-ROM] |
| 260 | 3 |
_aกรุงเทพฯ : _bเอ็มไอเอส, _c2552 |
|
| 300 | _a1 แผ่น sd., col. | ||
| 650 | 0 | 4 | _aภาษาจีนกลาง -- สำนวนโวหาร |
| 650 | 0 | 4 | _aภาษาจีนกลาง -- บทสนทนาและวลี |
| 650 | 0 | 4 | _aภาษาจีน -- สัทศาสตร์ |
| 650 | 0 | 4 | _aภาษาจีน -- การอ่านออกเสียง |
| 850 | _aNALT | ||
| 942 | _cCD | ||
| 997 |
_c000000000058463 _kVC |
||
| 998 | _aนางสาวจำเรียง ประสงค์ดี | ||
| 999 |
_c58463 _d58463 |
||